Culture and politics : (Record no. 600050)

000 -LEADER
fixed length control field 00268nam a2200109Ia 4500
008 - FIXED-LENGTH DATA ELEMENTS--GENERAL INFORMATION
fixed length control field 230907s9999||||xx |||||||||||||| ||und||
082 ## - DEWEY DECIMAL CLASSIFICATION NUMBER
Classification number 306.2
Author Mark CUL
245 #0 - TITLE STATEMENT
Title Culture and politics :
260 ## - PUBLICATION, DISTRIBUTION, ETC.
Place of publication, distribution, etc. Berghahn Books,
Name of publisher, distributor, etc. New York :
Date of publication, distribution, etc. 2004
300 ## - PHYSICAL DESCRIPTION
Extent 141 p.
942 ## - ADDED ENTRY ELEMENTS (KOHA)
Koha item type Book
Holdings
Withdrawn status Lost status Damaged status Not for loan Permanent Location Current Location Date acquired Total Checkouts Full call number Barcode Date last seen Price effective from Koha item type
        US-Pakistan Center for Advanced Studies in Energy (USPCAS-E) US-Pakistan Center for Advanced Studies in Energy (USPCAS-E) 09/25/2019   306.2 CUL CAS-E0004149 09/12/2023 09/12/2023 Book
© 2023 Central Library, National University of Sciences and Technology. All Rights Reserved.